00519nam a2200157Ia 450000500170000000800410001702000130005808200130007110000370008424501420012126000490026330000130031265000110032565000120033665000130034820240719035423.0240331s9999 xx 000 0 und d a13910590 bAFTa282 aCentre for Society and Religion, 0aAfter Vatican two Acts ofthe second provincial Synod of Colombo in Ceylon 1968-1969 :bIncluding the first National Pastoral Convention aColombobCentre for Society & Religionc1969 a131 p ., aSocial aSociety aReligion